Evaluación de la autoconstrucción en Costa Rica

Uloženo v:
Podrobná bibliografie
Hlavní autor: Wheeler S., Victoria
Další autoři: Tabor R., Marcos
Médium: Kniha
Vydáno: San José, Costa Rica 1988
Témata:
Tagy: Přidat tag
Žádné tagy, Buďte první, kdo vytvoří štítek k tomuto záznamu!

MARC

LEADER 00000nam a2200000Ia 4500
003 004603
005 20221231144343.0
008 140114s1988 c a m 000 ||s d
040 |c cru CEDI 
090 |a TFG 2101 
100 |a Wheeler S., Victoria  |9 13580 
245 |a Evaluación de la autoconstrucción en Costa Rica  
260 |c 1988  |a San José, Costa Rica 
300 |a  120 hojas ; 28 cm  
500 |a  Tesis (licenciatura en ingeniería civil)--Universidad de Costa Rica. Facultad de Ingeniería. Escuela de Ingeniería Civil 
650 |x VIVIENDAS - COSTA RICA  |9 13583 
700 |9 13582  |a Tabor R., Marcos 
942 |c TFG 
999 |c 20628  |d 20628